[Event "Open A Zadar 2016"]
[Site "Zadar"]
[Date "2016.12.13"]
[Round "4.11"]
[White "Li, Di"]
[Black "Schreiner, Peter"]
[Result "1/2-1/2"]
[WhiteElo "2434"]
[BlackElo "2472"]
[PlyCount "99"]
[EventDate "2016.12.11"]
[EventCountry "CRO"]
[WhiteClock "1:30:00"]
[BlackClock "1:30:00"]

1. d4 Nf6 2. c4 g6 3. Nc3 d5 4. cxd5 Nxd5 5. Na4 Bf5 6. f3 Nb6 7. e4 Nxa4 8.
Bb5+ Bd7 9. Bxa4 Bg7 10. Ne2 c5 11. Bxd7+ Qxd7 12. d5 O-O 13. Be3 Na6 14. Qd2
e6 15. dxe6 Qxe6 16. Nf4 Qe5 17. O-O-O Rad8 18. Qe2 f5 19. Rxd8 Rxd8 20. Qc4+
Kh8 21. Nd3 Qd6 22. Rd1 Qxh2 23. Nf4 Rxd1+ 24. Kxd1 Qh1+ 25. Ke2 Qb1 26. Nd3
fxe4 27. Qxe4 Qxa2 28. Qxb7 h6 29. Qxa7 c4 30. Nf4 Qxb2+ 31. Kf1 Qf6 32. Nd5
Qa1+ 33. Kf2 Qb2+ 34. Kg1 Qb1+ 35. Kh2 Qb8+ 36. Qxb8+ Nxb8 37. Kg3 Kg8 38. Kf4
Kf7 39. Ke4 Nc6 40. Bd2 h5 41. Bc3 Bxc3 42. Nxc3 Ke6 43. Nd1 g5 44. Ne3 Ne5 45.
f4 gxf4 46. Nxc4 Nxc4 47. Kxf4 Kf6 48. g4 h4 49. g5+ Kg6 50. Kg4 1/2-1/2

[Event "Open A Zadar 2016"]
[Site "Zadar"]
[Date "2016.12.13"]
[Round "4.12"]
[White "Mesaros, Florian"]
[Black "Fercec, Nenad"]
[Result "1-0"]
[WhiteElo "2334"]
[BlackElo "2461"]
[PlyCount "73"]
[EventDate "2016.12.11"]
[EventCountry "CRO"]
[WhiteClock "1:30:00"]
[BlackClock "1:30:00"]

1. Nf3 Nf6 2. c4 e6 3. Nc3 Bb4 4. Qc2 O-O 5. a3 Bxc3 6. Qxc3 b6 7. b4 Bb7 8.
Bb2 c5 9. e3 d6 10. Be2 Nbd7 11. O-O Rc8 12. Qb3 d5 13. Rfd1 dxc4 14. Bxc4 Ne4
15. d4 Ng5 16. Ne1 b5 17. Bxb5 c4 18. Bxc4 Nb6 19. Bf1 Bd5 20. Qd3 Na4 21. Qe2
Ne4 22. Rdc1 f5 23. f3 Nd6 24. Rxc8 Qxc8 25. Rc1 Qd7 26. Nd3 Qb5 27. Qc2 Bc4
28. Nc5 Nxb2 29. Qxb2 Bxf1 30. Rxf1 a5 31. Nxe6 Rf7 32. Rc1 h6 33. Qc3 Re7 34.
Nc7 Qe2 35. Nd5 Re8 36. Qc2 Qb5 37. Nc7 1-0

[Event "Open A Zadar 2016"]
[Site "Zadar"]
[Date "2016.12.13"]
[Round "4.13"]
[White "Klekowski, Maciej"]
[Black "Cebalo, Miso"]
[Result "1-0"]
[WhiteElo "2448"]
[BlackElo "2333"]
[PlyCount "121"]
[EventDate "2016.12.11"]
[EventCountry "CRO"]
[WhiteClock "1:30:00"]
[BlackClock "1:30:00"]

1. d4 Nf6 2. c4 g6 3. Nc3 Bg7 4. e4 d6 5. Be2 O-O 6. Nf3 c5 7. O-O cxd4 8. Nxd4
Nc6 9. Be3 Bd7 10. Qd2 Nxd4 11. Bxd4 Bc6 12. f3 Nd7 13. Be3 a5 14. b3 Nc5 15.
Rab1 Qc7 16. Rfd1 Rfc8 17. Nd5 Bxd5 18. Qxd5 Ra6 19. Qd2 Raa8 20. Bf1 Qd7 21.
Qf2 Qe6 22. Rd5 h5 23. Rbd1 b6 24. g3 Rc7 25. Qe2 Rf8 26. Bf2 Qf6 27. Rb1 Qc3
28. Be1 Qf6 29. f4 Rd7 30. Bg2 e6 31. Rxd6 Rxd6 32. e5 Qd8 33. exd6 Qxd6 34.
Rd1 Qe7 35. Qd2 Bf6 36. Qd6 Rd8 37. Qxd8+ Qxd8 38. Rxd8+ Bxd8 39. Bf1 Bf6 40.
Kf2 Bd4+ 41. Ke2 Kf8 42. Bg2 Ke7 43. Kd2 Kd6 44. Kc2 Bg1 45. h3 f5 46. a3 Ne4
47. b4 axb4 48. axb4 e5 49. Kd3 exf4 50. gxf4 Nf6 51. Bd2 h4 52. Bf3 Bf2 53.
Ke2 Bg1 54. Be1 Bh2 55. Bxh4 Nh5 56. Bxh5 gxh5 57. Kf3 Kc6 58. Bg3 Bg1 59. Bf2
Bh2 60. b5+ Kc7 61. Be3 1-0

[Event "Open A Zadar 2016"]
[Site "Zadar"]
[Date "2016.12.13"]
[Round "4.14"]
[White "Rezan, Sasa"]
[Black "Polok, Kacper"]
[Result "1-0"]
[WhiteElo "2437"]
[BlackElo "2299"]
[PlyCount "49"]
[EventDate "2016.12.11"]
[EventCountry "CRO"]
[WhiteClock "1:30:00"]
[BlackClock "1:30:00"]

1. d4 e6 2. c4 Bb4+ 3. Nd2 d5 4. Ngf3 Nf6 5. a3 Be7 6. g3 dxc4 7. Qa4+ c6 8.
Qxc4 b5 9. Qc2 Bb7 10. Bg2 Nbd7 11. Nb3 Qb6 12. Be3 Nd5 13. Bg5 f6 14. Bd2 c5
15. e4 c4 16. Na5 c3 17. Nxb7 cxd2+ 18. Qxd2 Qxb7 19. exd5 exd5 20. O-O O-O 21.
Qe2 Rfe8 22. Qe6+ Kf8 23. Ng5 fxg5 24. Bxd5 Qxd5 25. Qxd5 1-0

[Event "Open A Zadar 2016"]
[Site "Zadar"]
[Date "2016.12.13"]
[Round "4.15"]
[White "Glavas, Dragan"]
[Black "Kreisl, Robert"]
[Result "1/2-1/2"]
[WhiteElo "2286"]
[BlackElo "2436"]
[PlyCount "42"]
[EventDate "2016.12.11"]
[EventCountry "CRO"]
[WhiteClock "1:30:00"]
[BlackClock "1:30:00"]

1. d4 Nf6 2. c4 g6 3. Nc3 d5 4. cxd5 Nxd5 5. e4 Nxc3 6. bxc3 Bg7 7. Nf3 c5 8.
h3 O-O 9. Be2 Nd7 10. O-O Nf6 11. Bd3 b6 12. Be3 Bb7 13. Qb1 Qc7 14. a4 Rab8
15. Ra2 e6 16. Re1 Nh5 17. Rb2 Bc6 18. Bb5 Ba8 19. Bd3 Bc6 20. Bb5 Ba8 21. Bd3
Bc6 1/2-1/2

[Event "Open A Zadar 2016"]
[Site "Zadar"]
[Date "2016.12.13"]
[Round "4.16"]
[White "Burovic, Rijad"]
[Black "Zufic, Miroslav"]
[Result "0-1"]
[WhiteElo "2302"]
[BlackElo "2411"]
[PlyCount "80"]
[EventDate "2016.12.11"]
[EventCountry "CRO"]
[WhiteClock "1:30:00"]
[BlackClock "1:30:00"]

1. e4 c5 2. d3 Nc6 3. f4 d5 4. Be2 e6 5. Nf3 Bd6 6. e5 Bc7 7. c3 d4 8. Nbd2
Nge7 9. Ne4 b6 10. O-O O-O 11. c4 Ng6 12. a3 a5 13. b3 f6 14. exf6 gxf6 15. g3
f5 16. Neg5 Qd6 17. Rf2 Bd7 18. Bf1 Rae8 19. Bg2 Re7 20. Rb1 e5 21. fxe5 Ncxe5
22. Nxe5 Qxe5 23. Bd5+ Kh8 24. Nf3 Qg7 25. Rg2 Be6 26. Bg5 Bxd5 27. Bxe7 Nxe7
28. cxd5 Nxd5 29. Nh4 Nc3 30. Qf1 Nxb1 31. Qxb1 f4 32. Qd1 fxg3 33. hxg3 Qg5
34. Qe1 Qe3+ 35. Qxe3 dxe3 36. g4 Rd8 37. Nf5 Rxd3 38. Re2 Bf4 39. b4 cxb4 40.
axb4 axb4 0-1

[Event "Open A Zadar 2016"]
[Site "Zadar"]
[Date "2016.12.13"]
[Round "4.17"]
[White "Plenca, Julijan"]
[Black "Bubalovic, Davorin"]
[Result "1/2-1/2"]
[WhiteElo "2411"]
[BlackElo "2229"]
[PlyCount "122"]
[EventDate "2016.12.11"]
[EventCountry "CRO"]
[WhiteClock "1:30:00"]
[BlackClock "1:30:00"]

1. e4 c5 2. Nf3 e6 3. d4 cxd4 4. Nxd4 a6 5. Bd3 Bc5 6. Nb3 Be7 7. Qg4 g6 8. Qe2
d6 9. Nc3 Nd7 10. f4 Qc7 11. f5 Ne5 12. Bf4 Nf6 13. O-O O-O 14. Kh1 Re8 15. Bg5
Qd8 16. Qe1 Nh5 17. Bxe7 Qxe7 18. Be2 Nf6 19. Qf2 Kg7 20. Nd4 b5 21. Bd3 Bb7
22. Rae1 Rac8 23. Qd2 Qd8 24. a4 b4 25. Nce2 exf5 26. exf5 Nfg4 27. f6+ Nxf6
28. Ng3 Nfg4 29. Be4 Bxe4 30. Rxe4 Kh8 31. Nf3 Nxf3 32. gxf3 Ne5 33. Rxb4 f5
34. c3 Qc7 35. Qd4 Kg8 36. Qd5+ Kf8 37. Rb7 Qc6 38. Qxc6 Rxc6 39. Rxh7 Nf7 40.
Rh4 Rb6 41. b4 Re3 42. Rc4 Ne5 43. Rc8+ Ke7 44. Kg2 Kd7 45. Rg8 Rxc3 46. f4 Ng4
47. Rg7+ Kc6 48. Rb1 Rc2+ 49. Kg1 Nxh2 50. Rb3 Rb8 51. b5+ axb5 52. axb5+ Rxb5
53. Rxb5 Kxb5 54. Rxg6 Nf3+ 55. Kf1 Nh2+ 56. Ke1 Rg2 57. Rg8 Kc4 58. Rg7 Kd3
59. Nxf5 Re2+ 60. Kd1 Nf3 61. Re7 Rxe7 1/2-1/2

[Event "Open A Zadar 2016"]
[Site "Zadar"]
[Date "2016.12.13"]
[Round "4.18"]
[White "Blazeka, Matej"]
[Black "Schnider, Gert"]
[Result "0-1"]
[WhiteElo "2284"]
[BlackElo "2407"]
[PlyCount "96"]
[EventDate "2016.12.11"]
[EventCountry "CRO"]
[WhiteClock "1:30:00"]
[BlackClock "1:30:00"]

1. e4 e5 2. Nf3 Nc6 3. Bc4 Bc5 4. Nc3 Nf6 5. d3 d6 6. Na4 Bb4+ 7. c3 Ba5 8. b4
Bb6 9. O-O h6 10. Bb3 O-O 11. Re1 Ne7 12. d4 Ng6 13. c4 exd4 14. Nxb6 axb6 15.
Nxd4 Re8 16. f3 Nh5 17. Ne2 Be6 18. Be3 Qh4 19. Qd2 Ne5 20. Rac1 Rad8 21. Bf2
Qe7 22. Rc3 Kh8 23. g4 Nf6 24. Nf4 Nh7 25. Kg2 Qg5 26. h4 Qe7 27. Nd5 Qd7 28.
h5 Rc8 29. Bh4 Bxg4 30. fxg4 Qxg4+ 31. Bg3 Ng5 32. Bd1 Qh3+ 33. Kg1 Nxc4 34.
Qg2 Qxg2+ 35. Kxg2 b5 36. Bg4 Ra8 37. Nxc7 Rxa2+ 38. Re2 Rxe2+ 39. Bxe2 Rxe4
40. Bxc4 bxc4 41. Bxd6 f5 42. Nb5 f4 43. Bc5 f3+ 44. Kf1 Rh4 45. Nd6 b5 46. Ra3
Rxh5 47. Nxb5 Ne4 48. Kg1 f2+ 0-1

[Event "Open A Zadar 2016"]
[Site "Zadar"]
[Date "2016.12.13"]
[Round "4.19"]
[White "Jakic, Ivan"]
[Black "Piskur, Mitja"]
[Result "1/2-1/2"]
[WhiteElo "2380"]
[BlackElo "2285"]
[PlyCount "85"]
[EventDate "2016.12.11"]
[EventCountry "CRO"]
[WhiteClock "1:30:00"]
[BlackClock "1:30:00"]

1. e4 d5 2. exd5 Qxd5 3. Nc3 Qd8 4. d4 Nf6 5. Nf3 Bg4 6. h3 Bxf3 7. Qxf3 c6 8.
Be3 e6 9. Bd3 Bb4 10. O-O O-O 11. Ne4 Nbd7 12. Rad1 Re8 13. c4 Bf8 14. Rfe1 Qa5
15. a3 Nxe4 16. Qxe4 g6 17. Bd2 Qc7 18. Bc3 Bg7 19. Bf1 Rad8 20. g3 Nf6 21. Qe3
b6 22. Bg2 Rc8 23. Qf3 Nd7 24. Re2 Nf8 25. Red2 Red8 26. a4 a6 27. Rd3 Re8 28.
Re1 Nd7 29. Red1 Nf8 30. h4 e5 31. dxe5 Bxe5 32. Bh3 f5 33. Bxe5 Qxe5 34. b3
Ne6 35. Bg2 Red8 36. Re3 Rxd1+ 37. Qxd1 Qd4 38. Qe2 Nc5 39. Bxc6 Rxc6 40. Re8+
Kg7 41. Qe7+ Kh6 42. Qg5+ Kg7 43. Re7+ 1/2-1/2

[Event "Open A Zadar 2016"]
[Site "Zadar"]
[Date "2016.12.13"]
[Round "4.20"]
[White "Krstulovic, Alex"]
[Black "Reich, Thomas"]
[Result "1/2-1/2"]
[WhiteElo "2258"]
[BlackElo "2362"]
[PlyCount "41"]
[EventDate "2016.12.11"]
[EventCountry "CRO"]
[WhiteClock "1:30:00"]
[BlackClock "1:30:00"]

1. d4 Nf6 2. c4 g6 3. Nc3 Bg7 4. e4 O-O 5. Bg5 d6 6. Be2 Nc6 7. d5 Ne5 8. Qd2
c6 9. Nf3 Nxf3+ 10. Bxf3 cxd5 11. cxd5 Bd7 12. O-O Qa5 13. Be3 Rfc8 14. Rfc1
Be8 15. a3 Nd7 16. b4 Qd8 17. Bg4 Rc4 18. Be2 Rcc8 19. Bd4 Bxd4 20. Qxd4 Qb6
21. Nb5 1/2-1/2

[Event "Open A Zadar 2016"]
[Site "Zadar"]
[Date "2016.12.13"]
[Round "4.21"]
[White "Skomorokhin, Roman"]
[Black "Biliskov, Vjekoslav"]
[Result "1-0"]
[WhiteElo "2414"]
[BlackElo "2314"]
[PlyCount "79"]
[EventDate "2016.12.11"]
[EventCountry "CRO"]
[WhiteClock "1:30:00"]
[BlackClock "1:30:00"]

1. d4 c5 2. e3 Nf6 3. Nf3 g6 4. dxc5 Qa5+ 5. Nbd2 Bg7 6. a3 Qxc5 7. b4 Qc7 8.
Bb2 O-O 9. c4 d6 10. Be2 b6 11. O-O Nbd7 12. Nd4 Bb7 13. Bf3 Ne5 14. Bxb7 Qxb7
15. f4 Ned7 16. Qe2 a6 17. N4b3 Rac8 18. e4 e6 19. e5 Ne8 20. Rad1 Qc7 21. Rfe1
a5 22. Nd4 dxe5 23. Nb5 Qb7 24. fxe5 axb4 25. axb4 Ra8 26. Nf3 Ra2 27. Ra1 Rxa1
28. Rxa1 Nb8 29. Bd4 Nc6 30. Qe4 Qd7 31. Bxb6 f5 32. Qe1 h6 33. Bc5 Rf7 34. Rd1
Qb7 35. Nd6 Nxd6 36. exd6 e5 37. b5 e4 38. bxc6 Qxc6 39. Rd5 exf3 40. d7 1-0

[Event "Open A Zadar 2016"]
[Site "Zadar"]
[Date "2016.12.13"]
[Round "4.22"]
[White "Tica, Sven"]
[Black "Xiang, Zeyu"]
[Result "0-1"]
[WhiteElo "2359"]
[BlackElo "2310"]
[PlyCount "68"]
[EventDate "2016.12.11"]
[EventCountry "CRO"]
[WhiteClock "1:30:00"]
[BlackClock "1:30:00"]

1. d4 d5 2. c4 c6 3. Nf3 Nf6 4. Qc2 g6 5. e3 Bf5 6. Bd3 Bxd3 7. Qxd3 Bg7 8. O-O
O-O 9. Nbd2 c5 10. b3 cxd4 11. exd4 Nc6 12. Bb2 e6 13. Rac1 Qa5 14. a3 Qa6 15.
Rfd1 Rfd8 16. Nf1 dxc4 17. Qxc4 Qb6 18. b4 Rac8 19. Ne3 Nd5 20. Qb3 Nf4 21. Kf1
Qb5+ 22. Qc4 Qh5 23. Qc5 Nd5 24. b5 b6 25. Qc4 Nce7 26. Qb3 Nf4 27. Rxc8 Rxc8
28. Rc1 Rxc1+ 29. Bxc1 g5 30. Qb4 g4 31. Ne5 g3 32. fxg3 Qe2+ 33. Kg1 Ned5 34.
Qd2 Nxe3 0-1

[Event "Open A Zadar 2016"]
[Site "Zadar"]
[Date "2016.12.13"]
[Round "4.23"]
[White "Matko, Ognjen"]
[Black "Mencinger, Vojko"]
[Result "0-1"]
[WhiteElo "2311"]
[BlackElo "2356"]
[PlyCount "138"]
[EventDate "2016.12.11"]
[EventCountry "CRO"]
[WhiteClock "1:30:00"]
[BlackClock "1:30:00"]

1. e4 e6 2. d4 d5 3. exd5 exd5 4. Nf3 Nc6 5. c3 Bd6 6. Bd3 Bg4 7. O-O Nge7 8.
Re1 Qd7 9. Na3 Bxa3 10. bxa3 O-O 11. Rb1 Rab8 12. Rb2 Ng6 13. h3 Bf5 14. Bb5 a6
15. Bf1 f6 16. Qb3 Rfd8 17. a4 Qd6 18. c4 dxc4 19. Qxc4+ Kh8 20. Rbe2 Nce7 21.
Qb3 Nd5 22. Ba3 Qd7 23. Kh2 h5 24. g3 b6 25. Rb2 a5 26. Bc4 c6 27. Qd1 Bxh3 28.
Ne5 fxe5 29. Qxh5+ Kg8 30. Qxg6 Bf5 31. Qg5 e4 32. g4 Bh7 33. Be7 Re8 34. Ba3
Re6 35. Rb3 Rg6 36. Qf4 Re8 37. g5 b5 38. axb5 cxb5 39. Rxb5 Qxb5 40. Bxb5 Nxf4
41. Bxe8 Rxg5 42. Rc1 Rg2+ 43. Kh1 Bf5 44. Rf1 Rg4 45. Be7 g5 46. Rc1 Rh4+ 47.
Kg1 Ne2+ 48. Kf1 Nxc1 49. Bxg5 Rh1+ 50. Kg2 Re1 51. Bb5 Nd3 52. a4 Re2 53. Be3
Kf7 54. d5 Ke7 55. Bb6 Kd6 56. Bc6 Nf4+ 57. Kg3 Nxd5 58. Bb5 Nxb6 59. Bxe2 Nxa4
60. Kf4 Bh7 61. Ke3 Nc3 62. Bc4 Kc5 63. Bf7 a4 64. Kd2 Kb4 65. Kc1 Bf5 66. Bg8
Bg4 67. Bf7 Bd1 68. Kb2 Bb3 69. Bg6 Nd1+ 0-1

[Event "Open A Zadar 2016"]
[Site "Zadar"]
[Date "2016.12.13"]
[Round "4.24"]
[White "Bilobrk, Franjo"]
[Black "Blohberger, Felix"]
[Result "1-0"]
[WhiteElo "2354"]
[BlackElo "2272"]
[PlyCount "71"]
[EventDate "2016.12.11"]
[EventCountry "CRO"]
[WhiteClock "1:30:00"]
[BlackClock "1:30:00"]

1. d4 Nf6 2. c4 g6 3. Nc3 d5 4. Nf3 Bg7 5. Qb3 dxc4 6. Qxc4 O-O 7. e4 a6 8. Qb3
b5 9. a4 Bb7 10. e5 Nfd7 11. axb5 axb5 12. Rxa8 Bxa8 13. Qxb5 Bxf3 14. gxf3 c5
15. dxc5 Nxe5 16. Be2 Nbc6 17. Be3 Nd4 18. Bxd4 Qxd4 19. O-O Qh4 20. Qa4 Qh3
21. Qe4 g5 22. Rd1 f5 23. Qd5+ Kh8 24. Kh1 e6 25. Qb7 Qh4 26. Qc7 g4 27. f4 Nf3
28. Bxf3 gxf3 29. Rg1 Rg8 30. Rg3 Bxc3 31. bxc3 Rxg3 32. fxg3 Qg4 33. Qe5+ Kg8
34. Qxe6+ Kf8 35. Kg1 Qh3 36. Qc8+ 1-0

[Event "Open A Zadar 2016"]
[Site "Zadar"]
[Date "2016.12.13"]
[Round "4.25"]
[White "Krsnik Cohar, Ivan Vihor"]
[Black "Guttenthaler, Franz"]
[Result "0-1"]
[WhiteElo "2353"]
[BlackElo "2268"]
[PlyCount "58"]
[EventDate "2016.12.11"]
[EventCountry "CRO"]
[WhiteClock "1:27:00"]
[BlackClock "1:30:00"]

1. c4 Nf6 2. g3 e6 3. Bg2 d5 4. d4 dxc4 5. Qa4+ Nbd7 6. Qxc4 a6 7. Nf3 c5 8.
O-O b5 9. Qc2 Bb7 10. Rd1 Qb6 11. e3 Rc8 12. dxc5 Bxc5 13. Qe2 O-O 14. b3 e5
15. Bb2 Rfe8 16. Nbd2 e4 17. Ng5 Rc7 18. Rac1 h6 19. Nh3 Ne5 20. Nf4 g5 21. Nh5
Nxh5 22. Bxe5 Rxe5 23. Qxh5 Bxe3 24. fxe3 Qxe3+ 25. Kh1 Rxc1 26. Rxc1 Qxd2 27.
Rf1 Bd5 28. Rd1 Qf2 29. Rf1 e3 0-1

[Event "Open A Zadar 2016"]
[Site "Zadar"]
[Date "2016.12.13"]
[Round "4.26"]
[White "Sahil, Tickoo"]
[Black "Stocko, Josip"]
[Result "1-0"]
[WhiteElo "2165"]
[BlackElo "2340"]
[PlyCount "101"]
[EventDate "2016.12.11"]
[EventCountry "CRO"]
[WhiteClock "1:25:00"]
[BlackClock "1:30:00"]

1. d4 Nf6 2. c4 e6 3. Nc3 Bb4 4. Qc2 d5 5. a3 Bxc3+ 6. Qxc3 O-O 7. Nf3 dxc4 8.
Qxc4 b6 9. Bg5 Ba6 10. Qa4 Qd7 11. Qc2 c5 12. Bxf6 gxf6 13. dxc5 Rc8 14. Qe4
Bb7 15. Qg4+ Kh8 16. Qh4 Qe7 17. e3 Nc6 18. Bd3 f5 19. Qxe7 Nxe7 20. cxb6 axb6
21. Ke2 Rg8 22. Rhg1 Kg7 23. Rac1 Kf6 24. g3 Rad8 25. Rgd1 e5 26. Nxe5 Kxe5 27.
Rc7 Bd5 28. Rxe7+ Kf6 29. Rc7 Rd6 30. Bc4 Bf3+ 31. Kxf3 Rxd1 32. Rxf7+ Kg6 33.
Rxf5 Kxf5 34. Bxg8 h6 35. Bc4 Ke5 36. b3 Rd2 37. h4 Kd6 38. g4 Kc5 39. a4 Kd6
40. g5 hxg5 41. hxg5 Ke5 42. g6 Kf6 43. Bf7 Rb2 44. e4 Rc2 45. Ke3 Rc3+ 46. Kf4
Rc1 47. e5+ Ke7 48. Kf5 Rh1 49. f4 Rh3 50. Bc4 Rg3 51. b4 1-0

[Event "Open A Zadar 2016"]
[Site "Zadar"]
[Date "2016.12.13"]
[Round "4.27"]
[White "Bao, Qilin"]
[Black "De Francesco, Klaus"]
[Result "0-1"]
[WhiteElo "2331"]
[BlackElo "2257"]
[PlyCount "100"]
[EventDate "2016.12.11"]
[EventCountry "CRO"]
[WhiteClock "1:30:00"]
[BlackClock "1:30:00"]

1. g3 d5 2. Nf3 Nf6 3. Bg2 e6 4. c4 dxc4 5. Qa4+ Nbd7 6. Qxc4 a6 7. Qb3 c5 8.
a4 Bd6 9. O-O O-O 10. a5 Bc7 11. Qa3 Nd5 12. d3 Nb4 13. Ne1 Nc6 14. Bxc6 bxc6
15. Be3 Rb8 16. Nc3 e5 17. Nf3 f5 18. Ng5 Qe7 19. Qa2+ Kh8 20. Ne6 Bd6 21. Nxf8
Nxf8 22. Qa4 Rb4 23. Qc2 Ne6 24. Ra4 f4 25. Bc1 Nd4 26. Qd1 f3 27. exf3 Qf7 28.
f4 Rxa4 29. Nxa4 exf4 30. Nc3 Bh3 31. Ne4 Bxf1 32. Kxf1 Qd5 33. Qg4 h5 34. Qg6
Nf5 35. Qe8+ Kh7 36. Qxh5+ Kg8 37. Qe8+ Kh7 38. Qh5+ Kg8 39. Nxd6 Nxg3+ 40.
hxg3 Qxh5 41. Bxf4 Qd1+ 42. Kg2 Qxd3 43. Nb7 Qb3 44. Nxc5 Qd5+ 45. Kg1 Qxc5 46.
Bd2 Qd5 47. Bc3 Kf7 48. Kf1 g6 49. Ke2 Qe4+ 50. Kd2 Ke6 0-1

[Event "Open A Zadar 2016"]
[Site "Zadar"]
[Date "2016.12.13"]
[Round "4.28"]
[White "Zovko, Mario"]
[Black "Marjanovic, Dejan"]
[Result "1/2-1/2"]
[WhiteElo "2342"]
[BlackElo "2439"]
[PlyCount "29"]
[EventDate "2016.12.11"]
[EventCountry "CRO"]

1. e4 c5 2. c3 d5 3. exd5 Qxd5 4. d4 Nf6 5. Nf3 e6 6. Na3 Nc6 7. Nb5 Qd8 8.
dxc5 Bxc5 9. Qxd8+ Kxd8 10. Bf4 Ne4 11. Rd1+ Bd7 12. Ng5 Nxg5 13. Bxg5+ f6 14.
Bh4 Ke7 15. Bg3 1/2-1/2

[Event "Open A Zadar 2016"]
[Site "Zadar"]
[Date "2016.12.13"]
[Round "4.29"]
[White "Samani, Yamac"]
[Black "Jusic, Zdenko"]
[Result "1-0"]
[WhiteElo "2265"]
[BlackElo "2257"]
[PlyCount "137"]
[EventDate "2016.12.11"]
[EventCountry "CRO"]

1. e4 g6 2. d4 Bg7 3. Nc3 d6 4. Nf3 Nd7 5. Bc4 e6 6. Be3 Ne7 7. Qd2 h6 8. a4 a6
9. O-O g5 10. Ne1 d5 11. exd5 Nb6 12. Be2 Nbxd5 13. Nxd5 Qxd5 14. c3 Nf5 15.
Bf3 Qd6 16. Nd3 Nh4 17. Bh5 Bd7 18. g3 Nf5 19. Bf3 Bc6 20. Bxc6+ Qxc6 21. Qe2
Qc4 22. Rfe1 O-O-O 23. Nb4 Qxe2 24. Rxe2 a5 25. Nd3 Rd5 26. Kg2 b6 27. Ne1 Bf6
28. Nc2 h5 29. h3 Be7 30. Rae1 Rg8 31. Bc1 g4 32. Re5 Rd7 33. hxg4 hxg4 34. d5
Rxd5 35. Rxd5 exd5 36. Re5 Bg5 37. Bxg5 Rxg5 38. Kg1 d4 39. cxd4 Nxd4 40. Rxg5
Nf3+ 41. Kf1 Nxg5 42. Ne3 Ne4 43. Nd5 Kb7 44. Ke2 c6 45. Ne3 Nc5 46. Nxg4 Nxa4
47. Ne5 Nxb2 48. Nxf7 a4 49. Kd2 a3 50. Kc2 Nc4 51. Kb3 b5 52. g4 b4 53. g5
Nd2+ 54. Ka2 Ka6 55. Nd6 Ka5 56. Nb7+ Ka4 57. Nc5+ Kb5 58. g6 Kxc5 59. g7 Kc4
60. g8=Q+ Kc3 61. Qg7+ Kd3 62. Qd7+ Kc3 63. Qxc6+ Nc4 64. Qf3+ Kd4 65. Qb3 Kc5
66. f4 Na5 67. Qe3+ Kb5 68. Qe5+ Kb6 69. Qe6+ 1-0

[Event "Open A Zadar 2016"]
[Site "Zadar"]
[Date "2016.12.13"]
[Round "4.30"]
[White "Horvath, Dominik"]
[Black "Deglmann, Ludwig"]
[Result "1/2-1/2"]
[WhiteElo "2269"]
[BlackElo "2303"]
[PlyCount "98"]
[EventDate "2016.12.11"]
[EventCountry "CRO"]

1. Nf3 c5 2. c4 Nc6 3. Nc3 Nd4 4. g3 g6 5. Bg2 Bg7 6. O-O Nh6 7. b3 O-O 8. Bb2
Rb8 9. e3 Nxf3+ 10. Bxf3 Nf5 11. Qc2 a6 12. a4 d6 13. Nd5 b6 14. Bxg7 Nxg7 15.
d4 Bb7 16. Bg2 Bxd5 17. Bxd5 a5 18. h4 e6 19. Bg2 cxd4 20. exd4 Qf6 21. Rad1
Nf5 22. Qe4 Rfd8 23. d5 e5 24. Bh3 Re8 25. Rd3 Ng7 26. Rb1 Qe7 27. b4 f5 28.
Qe3 Qd7 29. bxa5 Qxa4 30. axb6 Qxc4 31. Rc1 Qa2 32. Rc6 Qb1+ 33. Kg2 f4 34. Qe4
Rxb6 35. Rxb6 Qxb6 36. gxf4 exf4 37. Qxf4 Rf8 38. Qe3 Qxe3 39. Rxe3 Re8 40.
Rxe8+ Nxe8 41. Kf3 Kf7 42. Kf4 Kf6 43. Bg4 Nc7 44. Bf3 h6 45. Be4 Na6 46. Kg4
Nc5 47. Bc2 g5 48. hxg5+ hxg5 49. f4 gxf4 1/2-1/2

[Event "Open A Zadar 2016"]
[Site "Zadar"]
[Date "2016.12.14"]
[Round "5.1"]
[White "Bai, Jinshi"]
[Black "Stevic, Hrvoje"]
[Result "1/2-1/2"]
[WhiteElo "2544"]
[BlackElo "2600"]
[PlyCount "20"]
[EventDate "2016.12.11"]
[EventCountry "CRO"]
[WhiteClock "1:22:00"]
[BlackClock "1:30:00"]

1. d4 d5 2. Nf3 Bf5 3. c4 e6 4. Nc3 Nc6 5. cxd5 exd5 6. Bf4 Bd6 7. Nxd5 Be4 8.
Nc3 Bxf3 9. Bxd6 Qxd6 10. gxf3 Qxd4 1/2-1/2

[Event "Open A Zadar 2016"]
[Site "Zadar"]
[Date "2016.12.14"]
[Round "5.2"]
[White "Sebenik, Matej"]
[Black "Nikolic, Predrag"]
[Result "0-1"]
[WhiteElo "2541"]
[BlackElo "2615"]
[PlyCount "64"]
[EventDate "2016.12.11"]
[EventCountry "CRO"]
[WhiteClock "1:30:00"]
[BlackClock "1:30:00"]

1. d4 Nf6 2. c4 e6 3. g3 Bb4+ 4. Nd2 O-O 5. Bg2 d5 6. Ngf3 b6 7. O-O Bb7 8. Ne5
Bd6 9. cxd5 Bxe5 10. dxe5 Nxd5 11. a3 Nd7 12. Nf3 h6 13. h4 c5 14. Re1 Rc8 15.
e4 Ne7 16. h5 c4 17. Qe2 Nc5 18. Rd1 Qc7 19. Qxc4 Nxe4 20. Qxc7 Rxc7 21. Nd4
Rd8 22. Be3 Rcd7 23. Rdc1 Nc5 24. Bxb7 Rxb7 25. Rc4 Nd3 26. Rc2 Nxe5 27. Kg2
Ng4 28. Rac1 Nf6 29. Rc7 Rd7 30. Rxb7 Rxb7 31. Rh1 Ned5 32. Bd2 Rc7 0-1

[Event "Open A Zadar 2016"]
[Site "Zadar"]
[Date "2016.12.14"]
[Round "5.3"]
[White "Palac, Mladen"]
[Black "Swayams, Mishra"]
[Result "1-0"]
[WhiteElo "2601"]
[BlackElo "2473"]
[PlyCount "95"]
[EventDate "2016.12.11"]
[EventCountry "CRO"]
[WhiteClock "1:27:00"]
[BlackClock "1:30:00"]

1. e4 e6 2. d4 d5 3. Nc3 Nf6 4. e5 Nfd7 5. f4 c5 6. Nf3 Be7 7. Be3 b6 8. h4 Nc6
9. Bb5 Nxd4 10. Bxd4 cxd4 11. Nxd4 Bb7 12. Qg4 O-O 13. O-O-O Bc5 14. Nf3 f5 15.
exf6 Rxf6 16. Rhe1 Bb4 17. Rxe6 Bxc3 18. bxc3 Nf8 19. Rxf6 Qxf6 20. Nd4 Rc8 21.
Kd2 a6 22. Bd3 b5 23. Qg5 b4 24. Qxf6 bxc3+ 25. Ke3 gxf6 26. Rb1 Rc7 27. Rb3
Bc8 28. Ne2 Re7+ 29. Kf2 Bb7 30. Rxc3 Ne6 31. f5 Nc7 32. Nd4 Kf7 33. Rb3 Bc8
34. Nc6 Re8 35. Na7 Ke7 36. Nxc8+ Rxc8 37. Rb6 Rf8 38. a4 a5 39. g4 h6 40. Ke3
Rg8 41. Be2 Re8 42. Kd4 Rg8 43. Rc6 Ne8 44. Kxd5 h5 45. gxh5 Rg2 46. h6 Kf8 47.
Bh5 Rd2+ 48. Ke6 1-0

[Event "Open A Zadar 2016"]
[Site "Zadar"]
[Date "2016.12.14"]
[Round "5.4"]
[White "Brkic, Ante"]
[Black "Xu, Xiangyu"]
[Result "1/2-1/2"]
[WhiteElo "2569"]
[BlackElo "2467"]
[PlyCount "63"]
[EventDate "2016.12.11"]
[EventCountry "CRO"]
[WhiteClock "1:30:00"]
[BlackClock "1:30:00"]

1. e4 c5 2. Nf3 d6 3. d4 Nf6 4. dxc5 Nxe4 5. cxd6 Nc6 6. Be3 Nxd6 7. Nc3 Bg4 8.
h3 Bh5 9. g4 Bg6 10. Nd4 Na5 11. Ndb5 Nc6 12. Nxd6+ exd6 13. Qd2 Be7 14. O-O-O
O-O 15. f4 f6 16. Bc4+ Bf7 17. Bxf7+ Rxf7 18. Nd5 Bf8 19. Kb1 Qd7 20. Rhe1 Re8
21. Bf2 b6 22. Qd3 Rxe1 23. Rxe1 Ne7 24. Nc3 Qc6 25. Nb5 Ng6 26. Nd4 Qg2 27.
Qe3 d5 28. Nf5 Bc5 29. Qe8+ Bf8 30. Qe3 Bc5 31. Qe8+ Bf8 32. Qe3 1/2-1/2

[Event "Open A Zadar 2016"]
[Site "Zadar"]
[Date "2016.12.14"]
[Round "5.5"]
[White "Zelcic, Robert"]
[Black "Saric, Ante"]
[Result "1-0"]
[WhiteElo "2496"]
[BlackElo "2547"]
[PlyCount "75"]
[EventDate "2016.12.11"]
[EventCountry "CRO"]
[WhiteClock "1:30:00"]
[BlackClock "1:30:00"]

1. e4 e6 2. d4 d5 3. Nd2 c5 4. exd5 Qxd5 5. Ngf3 cxd4 6. Bc4 Qd6 7. Ne4 Qb4+ 8.
Nfd2 Nd7 9. O-O Ngf6 10. b3 Be7 11. a4 Qb6 12. Nxf6+ Nxf6 13. Bb5+ Bd7 14. Nc4
Qc5 15. Ba3 Qd5 16. Bxe7 Kxe7 17. Qd2 Ne4 18. Qd3 Nc3 19. Rfe1 f6 20. Nd2 Bxb5
21. axb5 Kf7 22. Ne4 Nxe4 23. Rxe4 Rhd8 24. Ra4 e5 25. f4 Kg8 26. fxe5 fxe5 27.
h3 Rac8 28. Qe2 d3 29. cxd3 Qxb3 30. Rxa7 Rc2 31. Qg4 Rc1+ 32. Kh2 Qb1 33. Rxb7
Rh1+ 34. Kg3 Rxh3+ 35. Kxh3 Qh1+ 36. Kg3 Qh6 37. d4 Ra8 38. Qh4 1-0